Nazioni attreversate dal Tropico del Capricorno - Statistics

Statistiche generali
  • Questo quiz è stato fatto 129 volte
  • Il punteggio medio è 9 su 10
Statistiche sulle risposte
Paesi % Corretto
Cile
98%
Argentina
96%
Australia
94%
Brasile
89%
Sud Africa
88%
Paraguay
85%
Namibia
82%
Mozambico
78%
Botswana
73%
Madagascar
73%
Nessun quiz corrispondente trovato
Distribuzione punteggi
Percentuale di utenti per punteggio
Percentile per numero di risposta
I tuoi punteggi nel tempo
Non hai fatto questo quiz